A way we go. (Record no. 2974)

MARC details
000 -LEADER
fixed length control field 00580nam a2200217 4500
001 - CONTROL NUMBER
control field 3636596
003 - CONTROL NUMBER IDENTIFIER
control field GBCCL
005 - DATE AND TIME OF LATEST TRANSACTION
control field 20241126110444.0
008 - FIXED-LENGTH DATA ELEMENTS--GENERAL INFORMATION
fixed length control field 700617s1970 mou 000 0aeng
010 ## -
-- 75114180
040 ## - CATALOGING SOURCE
Original cataloging agency DLC
Transcribing agency DLC
Modifying agency DLC
050 00 -
-- BX8080.U4
-- A3
082 00 - DEWEY DECIMAL CLASSIFICATION NUMBER
Classification number 284.2092
Item number ULR
100 1# - MAIN ENTRY--PERSONAL NAME
Personal name Ulrich, Betty Garton.
9 (RLIN) 6202
245 12 - TITLE STATEMENT
Title A way we go.
260 ## - PUBLICATION, DISTRIBUTION, ETC.
Place of publication, distribution, etc. Saint Louis,
Name of publisher, distributor, etc. Concordia Pub. House
Date of publication, distribution, etc. [1970]
300 ## - PHYSICAL DESCRIPTION
Extent 164 p.
Dimensions 21 cm.
600 10 - SUBJECT ADDED ENTRY--PERSONAL NAME
Personal name Ulrich, Betty Garton.
9 (RLIN) 6202
906 ## - LOCAL DATA ELEMENT F, LDF (RLIN)
a 7
b cbc
c orignew
d u
e ncip
f 19
g y-gencatlg
942 ## - ADDED ENTRY ELEMENTS (KOHA)
Source of classification or shelving scheme Dewey Decimal Classification
Koha item type Books
Holdings
Withdrawn status Lost status Source of classification or shelving scheme Damaged status Not for loan Home library Current Library Shelving location Date acquired Total checkouts Full call number Barcode Date last seen Copy number Price effective from Koha item type
    Dewey Decimal Classification     GRACE BIBLE COLLEGE GRACE BIBLE COLLEGE Church History 2017-10-10   284.2092 ULR 005002 2025-05-01 c.1 2017-10-10 Books
© Grace Bible College Library 2025